000 00764nam a2200277 i 4500
001 bg
100 1 _aKOCHANOWSKI, Marek
245 1 0 _aPodstawy konstrukcji maszyn :
_bwybrane zagadnienia /
_cMarek Kochanowski.
260 _aGdańsk :
_bWydaw. Politechniki Gdańskiej,
_c2002.
300 _a154 s. :
_bil. ;
_c24 cm.
504 _aBibliogr.
650 9 _aMaszyny
_xbudowa i konstrukcje
650 9 _aPołączenia konstrukcyjne
650 9 _aWały
650 9 _aŁożyska
650 9 _aPrzekładnie
650 9 _aSprzęgła
655 _aPodręczniki akademickie
020 _a8373480145
040 _cBPK
041 0 _apl
080 _a62-1/-8:621](075.8)
920 _a83-7348-014-5
942 _cKS
008 s pl f |000 0 pol
999 _c42066
_d42066
856 _uhttp://koha.tu.koszalin.pl/cgi-bin/koha/opac-detail.pl?biblionumber=42066
_yKatalog online BPK